Land tenure / (Record no. 6095)

MARC details
000 -LEADER
fixed length control field 00617nam a22002177a 4500
001 - CONTROL NUMBER
control field BD-DhSAU 6095
003 - CONTROL NUMBER IDENTIFIER
control field BD-DhSAU
005 - DATE AND TIME OF LATEST TRANSACTION
control field 20150502114859.0
008 - FIXED-LENGTH DATA ELEMENTS--GENERAL INFORMATION
fixed length control field 150502b1956 xxu||||| |||| 001 0 eng d
040 ## - CATALOGING SOURCE
Original cataloging agency BD-DhSAU
082 ## - DEWEY DECIMAL CLASSIFICATION NUMBER
Edition number 22
Classification number 333.32
Item number PAL
245 ## - TITLE STATEMENT
Title Land tenure /
Statement of responsibility, etc. edited by Kenneth H. Parsons, Raymond J. Penn and Philip M. Raup
260 ## - PUBLICATION, DISTRIBUTION, ETC. (IMPRINT)
Place of publication, distribution, etc. Madison :
Name of publisher, distributor, etc. The university press ,
Date of publication, distribution, etc. c1956.
300 ## - PHYSICAL DESCRIPTION
Extent xxiv, 739 p.:
Dimensions 25 cm.
504 ## - BIBLIOGRAPHY, ETC. NOTE
Bibliography, etc Includes index
590 ## - Name of Cataloguer
Name of Cataloger IMRAN
650 ## - SUBJECT ADDED ENTRY--TOPICAL TERM
Topical term or geographic name as entry element Land tenure
700 ## - ADDED ENTRY--PERSONAL NAME
Personal name Parsons, Kenneth H.
700 ## - ADDED ENTRY--PERSONAL NAME
Personal name Raup, Philip M.
700 ## - ADDED ENTRY--PERSONAL NAME
Personal name Penn, Raymond J.
942 ## - ADDED ENTRY ELEMENTS (KOHA)
Source of classification or shelving scheme Dewey Decimal Classification
Koha item type Book
Holdings
Withdrawn status Lost status Source of classification or shelving scheme Damaged status Not for loan Home library Branch Name Shelving location Date acquired Total Checkouts Full call number Barcode Date last seen Price effective from Koha item type
    Dewey Decimal Classification   Not For Loan SAU Library SAU Library Reference 18/07/1978   333.32 PAL 706 02/05/2015 02/05/2015 Book